[Event "ODJM C 2019"]
[Site "Willingen GER"]
[Date "2019.06.09"]
[Round "2"]
[White "Färber, Sophie"]
[Black "Mylke, Sandy-Michelle"]
[Result "0-1"]
[Termination "normal"]
[Board "1"]
[WhiteElo "1409"]
[BlackElo "1238"]
[WhiteClock "00:53:24"]
[BlackClock "01:04:25"]
[PlyCount "64"]
[WhiteFideId "16239121"]
[BlackFideId "16235045"]
[EventCountry "GER"]
[EventRounds "9"]
[EventType "swiss"]
[EventDate "2019.06.08"]

1. e4 {[%clk 1:30:58]} 1... e5 {[%clk 1:30:46]} 2. Nf3 {[%clk 1:31:21]} 2...
Nc6 {[%clk 1:31:06]} 3. Bc4 {[%clk 1:31:48]} 3... Bc5 {[%clk 1:31:23]} 4. c3 {
[%clk 1:32:14]} 4... Nf6 {[%clk 1:31:42]} 5. d3 {[%clk 1:32:18]} 5... d5 {
[%clk 1:27:50]} 6. exd5 {[%clk 1:30:22]} 6... Nxd5 {[%clk 1:28:06]} 7. O-O {
[%clk 1:22:11]} 7... O-O {[%clk 1:27:03]} 8. h3 {[%clk 1:13:08]} 8... Bf5 {
[%clk 1:22:13]} 9. Bb3 {[%clk 1:09:07]} 9... Qd6 {[%clk 1:15:13]} 10. Re1 {
[%clk 0:55:47]} 10... Rad8 {[%clk 1:04:25]} 11. Nxe5 {[%clk 0:53:24]} 11...
Bxf2+ 12. Kxf2 Nxe5 13. Kg1 Nxd3 14. Rf1 Qb6+ 15. Kh2 Be4 16. Nd2 Ne3 17. Nc4
Nxf1+ 18. Qxf1 Qg6 19. Ne3 Rd6 20. a4 Rf6 21. Qg1 Rf2 22. Bc4 Qd6+ 23. Kh1 Qg3
24. Bxd3 Bxg2+ 25. Nxg2 Qxh3+ 26. Qh2 Qxd3 27. Bf4 Re8 28. Rg1 Ree2 29. Bg3 Rf3
30. Qh3 h6 31. Nf4 Rxf4 32. Qc8+ Kh7 0-1

[Event "ODJM C 2019"]
[Site "Willingen GER"]
[Date "2019.06.09"]
[Round "2"]
[White "Buchholz, Jan Robert"]
[Black "Fink, Anton"]
[Result "0-1"]
[Termination "normal"]
[Board "2"]
[WhiteElo "1229"]
[BlackElo "1478"]
[WhiteClock "01:01:37"]
[BlackClock "01:04:54"]
[PlyCount "86"]
[WhiteFideId "16286537"]
[BlackFideId "16235703"]
[EventCountry "GER"]
[EventRounds "9"]
[EventType "swiss"]
[EventDate "2019.06.08"]

1. c4 {[%clk 1:30:52]} 1... e5 {[%clk 1:30:52]} 2. g3 {[%clk 1:31:11]} 2... Nf6
{[%clk 1:31:04]} 3. Bg2 {[%clk 1:31:22]} 3... Nc6 {[%clk 1:31:04]} 4. Nc3 {
[%clk 1:31:24]} 4... Bc5 {[%clk 1:30:51]} 5. Nf3 {[%clk 1:28:11]} 5... d6 {
[%clk 1:29:22]} 6. O-O {[%clk 1:26:09]} 6... Be6 {[%clk 1:26:36]} 7. b3 { [%clk
1:25:58]} 7... O-O {[%clk 1:25:22]} 8. e3 {[%clk 1:24:44]} 8... Bg4 { [%clk
1:23:03]} 9. d4 {[%clk 1:22:39]} 9... exd4 {[%clk 1:22:47]} 10. exd4 { [%clk
1:20:27]} 10... Bxd4 {[%clk 1:22:09]} 11. Qd3 {[%clk 1:19:45]} 11... Bxf3
{[%clk 1:18:50]} 12. Qxf3 {[%clk 1:15:07]} 12... Ne5 {[%clk 1:17:06]} 13. Qxb7
{[%clk 1:15:01]} 13... Rb8 {[%clk 1:14:46]} 14. Qa6 {[%clk 1:14:17]} 14... Bxc3
{[%clk 1:15:00]} 15. Rb1 {[%clk 1:14:30]} 15... Bd4 {[%clk 1:13:58]} 16. Qa5 {
[%clk 1:10:05]} 16... Qd7 {[%clk 1:10:52]} 17. Qd2 {[%clk 1:08:32]} 17... Bc5 {
[%clk 1:10:32]} 18. Bb2 {[%clk 1:04:06]} 18... Qf5 {[%clk 1:04:54]} 19. Qd1 {
[%clk 1:01:37]} 19... a5 20. Bc3 a4 21. b4 Bb6 22. Bxe5 Qxe5 23. Qxa4 Qd4 24.
Qc2 Rfe8 25. Rbd1 Qe5 26. Rc1 Qe2 27. Qb1 Ng4 28. Rc2 Qd3 29. Qb2 Bd4 30. Qb1
c5 31. b5 Re2 32. Rxe2 Qxe2 33. Qf5 g6 34. Qf4 Re8 35. a4 Qxc4 36. Qxd6 Nxf2
37. Qc6 Re2 38. b6 Ne4+ 39. Kh1 Rxg2 40. Kxg2 Qe2+ 41. Kh3 Qxf1+ 42. Kg4 Qf5+
43. Kh4 Qh5# 0-1

[Event "ODJM C 2019"]
[Site "Willingen GER"]
[Date "2019.06.09"]
[Round "2"]
[White "Grimm, Nicola Marie"]
[Black "Frank, Cillian"]
[Result "1-0"]
[Termination "normal"]
[Board "3"]
[WhiteElo "1459"]
[BlackElo "1309"]
[WhiteClock "01:15:56"]
[BlackClock "01:00:15"]
[PlyCount "31"]
[WhiteFideId "12988987"]
[BlackFideId "16245202"]
[EventCountry "GER"]
[EventRounds "9"]
[EventType "swiss"]
[EventDate "2019.06.08"]

1. d4 {[%clk 1:30:58]} 1... Nf6 {[%clk 1:30:52]} 2. Bf4 {[%clk 1:31:19]} 2...
c5 {[%clk 1:31:13]} 3. Nf3 {[%clk 1:30:59]} 3... d6 {[%clk 1:28:16]} 4. c3 {
[%clk 1:30:34]} 4... Qb6 {[%clk 1:25:48]} 5. Qb3 {[%clk 1:30:12]} 5... Qxb3 {
[%clk 1:15:48]} 6. axb3 {[%clk 1:30:21]} 6... g6 {[%clk 1:15:04]} 7. e3 { [%clk
1:28:39]} 7... a6 {[%clk 1:10:22]} 8. Na3 {[%clk 1:28:13]} 8... Be6 { [%clk
1:09:24]} 9. Nb5 {[%clk 1:27:21]} 9... Kd7 {[%clk 1:02:45]} 10. dxc5 { [%clk
1:22:59]} 10... dxc5 {[%clk 1:00:46]} 11. Nc7 {[%clk 1:22:48]} 11... Ra7 {[%clk
1:01:01]} 12. Nxe6 {[%clk 1:22:38]} 12... fxe6 {[%clk 0:59:16]} 13. Bxb8 {[%clk
1:22:48]} 13... Ra8 {[%clk 0:59:39]} 14. Bg3 {[%clk 1:21:25]} 14... Bg7 {[%clk
0:59:55]} 15. Bc4 {[%clk 1:20:04]} 15... b5 {[%clk 1:00:15]} 16. Ne5+ { [%clk
1:15:56]} 1-0

[Event "ODJM C 2019"]
[Site "Willingen GER"]
[Date "2019.06.09"]
[Round "2"]
[White "Malinowsky, Celina"]
[Black "Welker, Alexandra"]
[Result "0-1"]
[Termination "normal"]
[Board "4"]
[WhiteElo "1109"]
[BlackElo "1342"]
[WhiteClock "00:56:57"]
[BlackClock "01:01:23"]
[PlyCount "118"]
[WhiteFideId "16266986"]
[BlackFideId "16265360"]
[EventCountry "GER"]
[EventRounds "9"]
[EventType "swiss"]
[EventDate "2019.06.08"]

1. e4 {[%clk 1:30:49]} 1... e5 {[%clk 1:30:43]} 2. Nf3 {[%clk 1:30:32]} 2...
Nc6 {[%clk 1:30:51]} 3. Bc4 {[%clk 1:30:01]} 3... Bc5 {[%clk 1:31:01]} 4. Nc3 {
[%clk 1:28:53]} 4... d6 {[%clk 1:30:35]} 5. h3 {[%clk 1:27:15]} 5... f5 { [%clk
1:29:07]} 6. d3 {[%clk 1:22:15]} 6... Nf6 {[%clk 1:24:43]} 7. Be3 { [%clk
1:15:20]} 7... Bxe3 {[%clk 1:22:19]} 8. fxe3 {[%clk 1:15:28]} 8... Na5 { [%clk
1:19:52]} 9. Bb3 {[%clk 1:13:33]} 9... Nxb3 {[%clk 1:19:39]} 10. cxb3 { [%clk
1:13:37]} 10... Be6 {[%clk 1:14:30]} 11. exf5 {[%clk 1:12:51]} 11... Bxf5
{[%clk 1:14:52]} 12. e4 {[%clk 1:13:04]} 12... Bg6 {[%clk 1:14:34]} 13. Qd2 {
[%clk 1:05:49]} 13... Qe7 {[%clk 1:08:43]} 14. O-O-O {[%clk 0:59:26]} 14...
O-O-O {[%clk 1:07:45]} 15. Nd5 {[%clk 0:56:57]} 15... Qd7 {[%clk 1:01:23]} 16.
Qc3 Bf7 17. Nxf6 gxf6 18. Kb1 d5 19. Rc1 dxe4 20. dxe4 Bg6 21. Rhd1 Bxe4+ 22.
Ka1 Qc6 23. Qxc6 Bxc6 24. Nh4 Rxd1 25. Rxd1 Rd8 26. Rxd8+ Kxd8 27. Kb1 Ke7 28.
Kc2 Ke6 29. Kd2 f5 30. g3 Kf6 31. Ke3 Kg5 32. Nf3+ Bxf3 33. Kxf3 e4+ 34. Ke3 c5
35. a3 a5 36. b4 b6 37. bxc5 bxc5 38. b3 h5 39. a4 Kg6 40. g4 hxg4 41. hxg4
fxg4 42. Kxe4 Kg5 43. Ke3 Kh4 44. Kf2 Kh3 45. Kg1 Kg3 46. Kf1 Kh2 47. Ke2 g3
48. Kd3 g2 49. Kc4 g1=Q 50. Kb5 Qd4 51. Kxa5 Qb4+ 52. Ka6 Kg3 53. a5 Kf4 54.
Ka7 Qxa5+ 55. Kb7 Ke5 56. b4 Qxb4+ 57. Ka6 Kd6 58. Ka7 Kc6 59. Ka8 Qb7# 0-1

[Event "ODJM C 2019"]
[Site "Willingen GER"]
[Date "2019.06.09"]
[Round "2"]
[White "Strübel, Tobias"]
[Black "Zinnikus, Elias"]
[Result "1-0"]
[Termination "normal"]
[Board "5"]
[WhiteElo "1337"]
[BlackElo "1176"]
[WhiteClock "01:33:46"]
[BlackClock "01:32:53"]
[PlyCount "23"]
[WhiteFideId "16284860"]
[BlackFideId "16245024"]
[EventCountry "GER"]
[EventRounds "9"]
[EventType "swiss"]
[EventDate "2019.06.08"]

1. e4 {[%clk 1:30:56]} 1... d6 {[%clk 1:30:48]} 2. d4 {[%clk 1:31:21]} 2... Nf6
{[%clk 1:31:11]} 3. Nc3 {[%clk 1:31:32]} 3... g6 {[%clk 1:31:33]} 4. Be3 {
[%clk 1:31:53]} 4... Bg7 {[%clk 1:31:44]} 5. f3 {[%clk 1:32:16]} 5... O-O {
[%clk 1:32:01]} 6. Qd2 {[%clk 1:32:43]} 6... c6 {[%clk 1:32:27]} 7. Bh6 { [%clk
1:33:09]} 7... Qc7 {[%clk 1:32:49]} 8. h4 {[%clk 1:33:08]} 8... Nbd7 { [%clk
1:33:15]} 9. h5 {[%clk 1:33:12]} 9... Nxh5 {[%clk 1:33:39]} 10. Rxh5 { [%clk
1:33:22]} 10... gxh5 {[%clk 1:33:48]} 11. Qg5 {[%clk 1:33:46]} 11... Kh8 {[%clk
1:32:53]} 12. Qxg7# 1-0

[Event "ODJM C 2019"]
[Site "Willingen GER"]
[Date "2019.06.09"]
[Round "2"]
[White "Hubert, Nikita"]
[Black "Arnold, Rubina"]
[Result "0-1"]
[Termination "normal"]
[Board "6"]
[WhiteElo "1181"]
[BlackElo "1329"]
[WhiteClock "00:56:44"]
[BlackClock "01:14:25"]
[PlyCount "62"]
[WhiteFideId "16235754"]
[BlackFideId "16276272"]
[EventCountry "GER"]
[EventRounds "9"]
[EventType "swiss"]
[EventDate "2019.06.08"]

1. d4 {[%clk 1:30:54]} 1... Nf6 {[%clk 1:30:49]} 2. Bf4 {[%clk 1:31:02]} 2...
e6 {[%clk 1:31:06]} 3. Nf3 {[%clk 1:30:56]} 3... c5 {[%clk 1:31:03]} 4. c3 {
[%clk 1:30:52]} 4... d5 {[%clk 1:31:12]} 5. e3 {[%clk 1:30:48]} 5... Nc6 {
[%clk 1:31:33]} 6. Bd3 {[%clk 1:30:33]} 6... Bd6 {[%clk 1:31:23]} 7. Bg3 O-O 8.
O-O {[%clk 1:29:08]} 8... Bxg3 {[%clk 1:29:43]} 9. hxg3 Qd6 10. Qe2 e5 11. Nfd2
{[%clk 1:23:06]} 11... e4 {[%clk 1:27:06]} 12. Bc2 {[%clk 1:22:48]} 12... Bg4 {
[%clk 1:26:38]} 13. Qe1 {[%clk 1:22:21]} 13... Rfe8 {[%clk 1:24:17]} 14. b3 {
[%clk 1:19:55]} 14... Re6 {[%clk 1:22:51]} 15. Na3 {[%clk 1:17:29]} 15... a6 {
[%clk 1:22:54]} 16. Bd1 {[%clk 1:14:34]} 16... Rae8 {[%clk 1:22:08]} 17. Be2 {
[%clk 1:10:35]} 17... Bxe2 {[%clk 1:22:04]} 18. Qxe2 Nd7 19. c4 {[%clk 1:10:08]
} 19... dxc4 {[%clk 1:21:45]} 20. Naxc4 {[%clk 1:10:24]} 20... Qd5 { [%clk
1:21:50]} 21. dxc5 {[%clk 1:09:56]} 21... Nxc5 {[%clk 1:21:27]} 22. Rfd1 {[%clk
1:09:39]} 22... Qd3 {[%clk 1:20:59]} 23. Re1 {[%clk 1:05:36]} 23... Nb4 {[%clk
1:18:57]} 24. Qxd3 {[%clk 1:03:15]} 24... exd3 {[%clk 1:18:08]} 25. Red1 {[%clk
1:01:24]} 25... Rd8 {[%clk 1:18:01]} 26. Nf3 {[%clk 1:00:23]} 26... b5 { [%clk
1:17:17]} 27. Nb2 {[%clk 0:59:44]} 27... Red6 {[%clk 1:17:17]} 28. Nd4 { [%clk
0:59:27]} 28... Nc6 {[%clk 1:14:32]} 29. Nxd3 {[%clk 0:57:38]} 29... Nxd4
{[%clk 1:14:21]} 30. Nxc5 {[%clk 0:57:27]} 30... Ne2+ {[%clk 1:14:25]} 31. Kf1
{[%clk 0:56:44]} 31... Rxd1+ 0-1

[Event "ODJM C 2019"]
[Site "Willingen GER"]
[Date "2019.06.09"]
[Round "2"]
[White "Vöcking, Laura"]
[Black "Foos, Vanessa"]
[Result "0-1"]
[Termination "normal"]
[Board "7"]
[WhiteElo "1172"]
[BlackElo "1207"]
[PlyCount "124"]
[WhiteFideId "16287630"]
[BlackFideId "16245270"]
[EventCountry "GER"]
[EventRounds "9"]
[EventType "swiss"]
[EventDate "2019.06.08"]

1. e4 Nf6 2. e5 Nd5 3. c4 Nb6 4. d4 d6 5. Nf3 dxe5 6. Nxe5 Bf5 7. Nc3 N8d7 8.
c5 Nxe5 9. cxb6 Ng6 10. bxc7 Qxc7 11. Bb5+ Bd7 12. Bxd7+ Qxd7 13. O-O e6 14.
Re1 O-O-O 15. Be3 Bb4 16. Rc1 Kb8 17. a3 Be7 18. Qa4 Qxa4 19. Nxa4 Bf6 20. Red1
Rc8 21. g3 Rxc1 22. Rxc1 Rc8 23. Rxc8+ Kxc8 24. Kg2 Ne7 25. Kf3 Nf5 26. Ke4 Kd7
27. Nc5+ Kc7 28. d5 Nd6+ 29. Kd3 exd5 30. b3 b6 31. Na6+ Kb7 32. Nb4 d4 33.
Bxd4 Bxd4 34. Kxd4 Nb5+ 35. Kd5 Nxa3 36. f4 Kc7 37. g4 Kd7 38. h4 Nb1 39. f5
Nd2 40. Nc6 a5 41. Ne5+ Ke7 42. Nc4 Nxb3 43. Nxb6 Nd2 44. h5 Nf1 45. Ke5 Ne3
46. g5 f6+ 47. Kf4 Nd1 48. g6 hxg6 49. hxg6 Nc3 50. Ke3 a4 51. Nc4 Nb5 52. Ke4
a3 53. Nxa3 Nxa3 54. Kd5 Nc2 55. Ke4 Nb4 56. Kd4 Nc6+ 57. Kd5 Ne5 58. Ke4 Kd6
59. Kd4 Nf3+ 60. Ke4 Ng5+ 61. Kf4 Nh3+ 62. Kg4 Ke5 0-1

[Event "ODJM C 2019"]
[Site "Willingen GER"]
[Date "2019.06.09"]
[Round "2"]
[White "Fischer, John"]
[Black "Reger, Christoph"]
[Result "1/2-1/2"]
[Termination "normal"]
[Board "8"]
[WhiteElo "1374"]
[BlackElo "1169"]
[PlyCount "87"]
[WhiteFideId "16268679"]
[BlackFideId "16287606"]
[EventCountry "GER"]
[EventRounds "9"]
[EventType "swiss"]
[EventDate "2019.06.08"]

1. d4 e5 2. dxe5 Nc6 3. Nf3 Qe7 4. Bf4 Qb4+ 5. Nbd2 Qxf4 6. e3 Qb4 7. Rb1 Qa5
8. Bc4 Nxe5 9. Nxe5 Qxe5 10. Qf3 Nf6 11. O-O Bd6 12. g3 O-O 13. Qg2 Rb8 14. Nf3
Qe7 15. g4 Qe4 16. g5 Qxc4 17. gxf6 g6 18. Qh3 b6 19. Ng5 h5 20. f4 Qxc2 21. f5
Bxh2+ 22. Qxh2 Qxh2+ 23. Kxh2 Ba6 24. Rg1 Bd3 25. fxg6 Bxg6 26. Nf3 Kh7 27.
Rbe1 Rbe8 28. Rg3 Re6 29. e4 Rxf6 30. e5 Rf4 31. Rd1 Rd8 32. e6 fxe6 33. Ng5+
Kh6 34. Nxe6 Rh4+ 35. Kg2 Be4+ 36. Kf2 Re8 37. Nxc7 Rf8+ 38. Ke3 Bc6 39. Rd6+
Kh7 40. Rgg6 Re4+ 41. Kd3 Rf3+ 42. Kd2 Rd4+ 43. Ke2 Rxd6 44. Rxd6 1/2-1/2

[Event "ODJM C 2019"]
[Site "Willingen GER"]
[Date "2019.06.09"]
[Round "2"]
[White "Navarro Jahnke, Eric"]
[Black "Gerdes, Jesko"]
[Result "1-0"]
[Termination "normal"]
[Board "10"]
[WhiteElo "1259"]
[BlackElo "1106"]
[PlyCount "67"]
[WhiteFideId "16234138"]
[BlackFideId "16273699"]
[EventCountry "GER"]
[EventRounds "9"]
[EventType "swiss"]
[EventDate "2019.06.08"]

1. d4 d5 2. e3 Nf6 3. Bd3 c5 4. c3 e6 5. Nd2 b6 6. f4 Ba6 7. Bxa6 Nxa6 8. Qa4+
Qd7 9. Qxa6 Bd6 10. Qe2 O-O 11. Ngf3 cxd4 12. cxd4 Bb4 13. Ne5 Qd6 14. a3 Bxd2+
15. Bxd2 Ne4 16. Bb4 Nc5 17. dxc5 bxc5 18. Bxc5 Qxc5 19. Nd7 Qa5+ 20. b4 Qc7
21. Nxf8 Rxf8 22. O-O e5 23. Rac1 Qd6 24. Rcd1 Rd8 25. e4 exf4 26. Rxd5 Qc7 27.
Rxd8+ Qxd8 28. Rxf4 h6 29. Qc4 Qd1+ 30. Rf1 Qd8 31. Rc1 Qd2 32. Qc8+ Kh7 33.
Qf5+ g6 34. Qxf7+ 1-0

[Event "ODJM C 2019"]
[Site "Willingen GER"]
[Date "2019.06.09"]
[Round "2"]
[White "Margaryan, Harut"]
[Black "Bangiev, Anton"]
[Result "1/2-1/2"]
[Termination "normal"]
[Board "11"]
[WhiteElo "1089"]
[BlackElo "1342"]
[PlyCount "63"]
[WhiteFideId "16268202"]
[BlackFideId "16267222"]
[EventCountry "GER"]
[EventRounds "9"]
[EventType "swiss"]
[EventDate "2019.06.08"]

1. d4 d6 2. e4 g6 3. Nf3 Bg7 4. Be3 Nf6 5. Bd3 O-O 6. O-O Re8 7. c4 e5 8. d5
Rf8 9. Qd2 Ne8 10. Bh6 f5 11. Bxg7 Kxg7 12. Nc3 c6 13. Rad1 cxd5 14. Nxd5 Be6
15. Ng5 Bxd5 16. cxd5 Nc7 17. Rc1 Kg8 18. Rxc7 Qxc7 19. Ne6 Qf7 20. Nxf8 fxe4
21. Bxe4 Qxf8 22. Rc1 Na6 23. Qg5 Nc5 24. Bb1 a5 25. h4 Re8 26. h5 Qf4 27. Qxf4
exf4 28. hxg6 hxg6 29. Bxg6 Re5 30. Rd1 Na4 31. b3 Nc3 32. Rd2 1/2-1/2

[Event "ODJM C 2019"]
[Site "Willingen GER"]
[Date "2019.06.09"]
[Round "2"]
[White "Fröhlich, Niklas"]
[Black "Bartelheimer, Erik"]
[Result "1-0"]
[Termination "normal"]
[Board "12"]
[WhiteElo "1261"]
[BlackElo "1053"]
[PlyCount "71"]
[WhiteFideId "16245016"]
[BlackFideId "16279352"]
[EventCountry "GER"]
[EventRounds "9"]
[EventType "swiss"]
[EventDate "2019.06.08"]

1. e4 e5 2. Nf3 Nc6 3. Bc4 Bc5 4. c3 Nf6 5. d4 exd4 6. cxd4 Bb4+ 7. Nc3 Nxe4 8.
O-O Bxc3 9. d5 Ne5 10. bxc3 d6 11. Nxe5 dxe5 12. Re1 Nxc3 13. Rxe5+ Be6 14. Qf3
Nxd5 15. Bxd5 O-O 16. Ba3 Re8 17. Rae1 Qd7 18. Bxb7 Rab8 19. Bc6 Qd8 20. Bxe8
Qxe8 21. Qg4 a6 22. f4 Qd7 23. f5 Bxa2 24. Qe2 Qd4+ 25. Kh1 h6 26. Re8+ Rxe8
27. Qxe8+ Kh7 28. Qe4 Qxe4 29. Rxe4 Bb1 30. Re7 f6 31. Rxc7 Bxf5 32. Bf8 a5 33.
Bxg7 Kg6 34. Bf8 a4 35. h3 Bc2 36. Rxc2 1-0

[Event "ODJM C 2019"]
[Site "Willingen GER"]
[Date "2019.06.09"]
[Round "2"]
[White "Moldovan, Tudor"]
[Black "Rudolph, Alexander"]
[Result "1-0"]
[Termination "normal"]
[Board "13"]
[WhiteElo "1030"]
[BlackElo "1414"]
[PlyCount "73"]
[WhiteFideId "16288203"]
[BlackFideId "16275748"]
[EventCountry "GER"]
[EventRounds "9"]
[EventType "swiss"]
[EventDate "2019.06.08"]

1. e4 e5 2. Nf3 Nc6 3. Bb5 Nge7 4. Nc3 g6 5. d3 Bg7 6. O-O O-O 7. Bg5 a6 8. Ba4
b5 9. Bb3 Bb7 10. a3 Kh8 11. Qd2 d6 12. Nd5 Qd7 13. Nxe7 Nxe7 14. Bh6 f5 15.
exf5 Nxf5 16. Bxg7+ Qxg7 17. Rfe1 Bxf3 18. gxf3 Nd4 19. Re3 Nxf3+ 20. Rxf3 Rxf3
21. Bd5 Rxf2 22. Qxf2 Rf8 23. Qg3 Qf6 24. Qg2 e4 25. dxe4 Qxb2 26. Rf1 Qd4+ 27.
Kh1 Rf6 28. Rxf6 Qxf6 29. h3 Qa1+ 30. Kh2 Qe5+ 31. Kg1 Qd4+ 32. Kf1 Qd1+ 33.
Kf2 Qxc2+ 34. Kf3 Qd3+ 35. Kf4 Qxa3 36. Qd2 Qxh3 37. Qd4# 1-0

[Event "ODJM C 2019"]
[Site "Willingen GER"]
[Date "2019.06.09"]
[Round "2"]
[White "Apel, Linus"]
[Black "Jagodzinsky, Lukas"]
[Result "1-0"]
[Termination "normal"]
[Board "14"]
[WhiteElo "1410"]
[BlackElo "1026"]
[PlyCount "49"]
[WhiteFideId "16265785"]
[BlackFideId "16233255"]
[EventCountry "GER"]
[EventRounds "9"]
[EventType "swiss"]
[EventDate "2019.06.08"]

1. e4 e5 2. Nf3 Nf6 3. Nxe5 d6 4. Nf3 Nxe4 5. d4 Nc6 6. Bd3 d5 7. O-O Bd6 8.
Re1 Bf5 9. Nc3 O-O 10. Nxe4 Bxe4 11. Bxe4 dxe4 12. Rxe4 Bc5 13. Bg5 Be7 14.
Bxe7 Nxe7 15. c4 Re8 16. Qe2 h6 17. Re1 Kf8 18. Ne5 Nc6 19. Nxc6 bxc6 20. Qf3
Rxe4 21. Qxe4 Qd7 22. Qh7 f6 23. Qh8+ Kf7 24. Qxa8 Qxd4 25. Qe8# 1-0

[Event "ODJM C 2019"]
[Site "Willingen GER"]
[Date "2019.06.09"]
[Round "2"]
[White "Wechtenbruch, Jamie"]
[Black "Pauser, Kilian"]
[Result "1-0"]
[Termination "normal"]
[Board "16"]
[WhiteElo "1371"]
[BlackElo "995"]
[PlyCount "57"]
[WhiteFideId "16267737"]
[BlackFideId "16287584"]
[EventCountry "GER"]
[EventRounds "9"]
[EventType "swiss"]
[EventDate "2019.06.08"]

1. e4 e5 2. Nf3 Nc6 3. d4 exd4 4. Nxd4 Bc5 5. Nb3 Bb6 6. Nc3 Qf6 7. Qf3 d6 8.
Bb5 Qxf3 9. Bxc6+ bxc6 10. gxf3 Nf6 11. Be3 O-O 12. Rg1 Bxe3 13. fxe3 Ba6 14.
O-O-O d5 15. exd5 cxd5 16. Nxd5 Nxd5 17. Rxd5 Be2 18. f4 Rfe8 19. Rg3 Red8 20.
Rd2 Rxd2 21. Kxd2 Bh5 22. e4 Re8 23. e5 Rd8+ 24. Rd3 Rb8 25. Kc1 Kf8 26. Nd4
Rb4 27. c3 Ra4 28. a3 c5 29. Nc6 1-0

[Event "ODJM C 2019"]
[Site "Willingen GER"]
[Date "2019.06.09"]
[Round "2"]
[White "Wartenberg, Alexander"]
[Black "Tenbosch, Till Theo"]
[Result "0-1"]
[Termination "normal"]
[Board "17"]
[WhiteElo "1002"]
[BlackElo "1085"]
[PlyCount "92"]
[WhiteFideId "16280768"]
[BlackFideId "16255461"]
[EventCountry "GER"]
[EventRounds "9"]
[EventType "swiss"]
[EventDate "2019.06.08"]

1. e4 d5 2. exd5 Qxd5 3. Nc3 Qa5 4. Nf3 Bf5 5. Bc4 e6 6. d4 Nf6 7. Bd2 c6 8.
Nd5 Qd8 9. Nxf6+ gxf6 10. Bf4 Bd6 11. Qd2 Qc7 12. Bxd6 Qxd6 13. O-O-O Nd7 14.
Kb1 O-O-O 15. Qc3 Nb6 16. Bb5 Kb8 17. Bd3 Bg6 18. Bxg6 fxg6 19. Qc5 Qd5 20.
Qxd5 Rxd5 21. Rhe1 Rhd8 22. Kc1 Kc7 23. b3 Nc8 24. c4 R5d6 25. Kc2 c5 26. Kc3
e5 27. Re4 cxd4+ 28. Kc2 Rh8 29. c5 Rc6 30. b4 b6 31. Kb3 bxc5 32. Rc1 cxb4 33.
Rxc6+ Kxc6 34. Kxb4 Nb6 35. a4 a5+ 36. Kxa5 Ra8+ 37. Kb4 Rxa4+ 38. Kb3 Kd5 39.
Re1 e4 40. Nd2 f5 41. g4 d3 42. f3 Rd4 43. fxe4+ fxe4 44. Re3 Nc4 45. Nxc4 Rxc4
46. Re1 Kd4 0-1

[Event "ODJM C 2019"]
[Site "Willingen GER"]
[Date "2019.06.09"]
[Round "2"]
[White "Hapke, Marvin"]
[Black "Engels, Marlene"]
[Result "1-0"]
[Termination "normal"]
[Board "18"]
[WhiteElo "1187"]
[BlackElo "1263"]
[PlyCount "73"]
[WhiteFideId "12996580"]
[BlackFideId "16222962"]
[EventCountry "GER"]
[EventRounds "9"]
[EventType "swiss"]
[EventDate "2019.06.08"]

1. e4 d6 2. d4 Nd7 3. Nf3 Ngf6 4. Nc3 e5 5. Be3 Be7 6. Qd2 c6 7. h3 Qc7 8. a4
a5 9. Bc4 h6 10. Bb3 Nb6 11. Ba2 Be6 12. O-O g5 13. d5 cxd5 14. exd5 Bd7 15.
Nb5 Bxb5 16. axb5 e4 17. Nh2 Nbd7 18. Rae1 Ne5 19. f4 gxf4 20. Bxf4 Ng6 21.
Bxh6 Qd7 22. Bg7 Ng8 23. Bxh8 Nxh8 24. Rxe4 Kd8 25. b6 Nf6 26. Ref4 Ng6 27.
Rxf6 Bxf6 28. Rxf6 Qe7 29. Qf2 Ne5 30. Ng4 Ke8 31. Nxe5 dxe5 32. d6 Qd7 33.
Bxf7+ Kd8 34. Qh4 Kc8 35. Qh8+ Qd8 36. Be6+ Kb8 37. Qxd8# 1-0

[Event "ODJM C 2019"]
[Site "Willingen GER"]
[Date "2019.06.09"]
[Round "2"]
[White "Burdett, Sabah"]
[Black "Racky, Selina"]
[Result "0-1"]
[Termination "normal"]
[Board "19"]
[WhiteElo "1033"]
[BlackElo "1037"]
[PlyCount "54"]
[WhiteFideId "16267702"]
[BlackFideId "16239440"]
[EventCountry "GER"]
[EventRounds "9"]
[EventType "swiss"]
[EventDate "2019.06.08"]

1. e4 e5 2. Nf3 Nc6 3. d4 exd4 4. Nxd4 Qf6 5. Nb5 Bd6 6. N1c3 Nge7 7. Bc4 Be5
8. Bd2 a6 9. Na3 b5 10. Nd5 Nxd5 11. Bxd5 Bxb2 12. Rb1 Bxa3 13. Rb3 Bc5 14. O-O
Rb8 15. Rf3 Qe5 16. Bf4 Qe7 17. Bxc7 Ne5 18. Bxe5 Qxe5 19. Bxf7+ Kd8 20. Re1
Bb7 21. Bd5 Bxd5 22. Rf5 Qc7 23. Qxd5 Bb6 24. Rf7 Re8 25. Rd1 Kc8 26. Rxd7 Qxc2
27. Qb7+ Rxb7 0-1

[Event "ODJM C 2019"]
[Site "Willingen GER"]
[Date "2019.06.09"]
[Round "2"]
[White "Schwarz, David"]
[Black "Reyher, Bastian"]
[Result "0-1"]
[Termination "normal"]
[Board "20"]
[WhiteElo "950"]
[BlackElo "1137"]
[PlyCount "38"]
[WhiteFideId "16287614"]
[BlackFideId "12927465"]
[EventCountry "GER"]
[EventRounds "9"]
[EventType "swiss"]
[EventDate "2019.06.08"]

1. e4 e5 2. Nf3 Nc6 3. Bc4 Nf6 4. Ng5 d5 5. exd5 Nxd5 6. Nxf7 Kxf7 7. Qf3+ Ke6
8. Nc3 Nce7 9. O-O c6 10. Re1 Ng6 11. Nxd5 cxd5 12. Bb3 Bc5 13. c3 Rf8 14. Qg4+
Kd6 15. Qg3 Bxf2+ 16. Qxf2 Rxf2 17. Kxf2 Qh4+ 18. Kf1 Bg4 19. d4 Rf8+ 0-1

[Event "ODJM C 2019"]
[Site "Willingen GER"]
[Date "2019.06.09"]
[Round "2"]
[White "Zhang, Yibo"]
[Black "Scheerer, Amelie"]
[Result "1-0"]
[Termination "normal"]
[Board "21"]
[WhiteElo "1302"]
[BlackElo "1054"]
[PlyCount "53"]
[WhiteFideId "16287657"]
[BlackFideId "16275772"]
[EventCountry "GER"]
[EventRounds "9"]
[EventType "swiss"]
[EventDate "2019.06.08"]

1. e4 e5 2. Nf3 Nc6 3. Bc4 Bc5 4. c3 Nf6 5. d3 d6 6. Be3 Ne7 7. O-O Ng6 8. Re1
c6 9. Bxc5 dxc5 10. Nbd2 O-O 11. Nb3 b5 12. Bxb5 cxb5 13. Nxc5 Qb6 14. Nb3 Ng4
15. d4 Nf4 16. h3 Nh6 17. Nxe5 Re8 18. Qf3 Qf6 19. Rad1 Bb7 20. Nc5 Bc6 21.
Nxc6 Qxc6 22. Qxf4 Rad8 23. Re3 f6 24. Rg3 Kh8 25. b4 Nf7 26. Qg4 g5 27. h4 1-0

[Event "ODJM C 2019"]
[Site "Willingen GER"]
[Date "2019.06.09"]
[Round "2"]
[White "Grunert, Greta"]
[Black "Vollmer, Jan"]
[Result "0-1"]
[Termination "normal"]
[Board "22"]
[WhiteElo "861"]
[BlackElo "1269"]
[PlyCount "52"]
[WhiteFideId "16258649"]
[BlackFideId "16287649"]
[EventCountry "GER"]
[EventRounds "9"]
[EventType "swiss"]
[EventDate "2019.06.08"]

1. e4 e5 2. Bc4 Nf6 3. d3 Bc5 4. Nc3 Nc6 5. h3 d6 6. Nge2 O-O 7. O-O Be6 8. Ng3
Qd7 9. Nh5 Qe7 10. Bg5 Kh8 11. Qf3 Nd4 12. Qg3 Nxh5 13. Qh4 Nf6 14. Rfe1 Nxc2
15. Rad1 Nxe1 16. Rxe1 h6 17. Bd2 Nd5 18. Qh5 Nf4 19. Bxf4 exf4 20. Kf1 Qg5 21.
Qf3 g6 22. Bxe6 fxe6 23. Nb5 Bb6 24. e5 dxe5 25. Qxb7 Qh4 26. Nxc7 Qxf2# 0-1